Electrical Machine Design (Record no. 5127)

MARC details
000 -LEADER
fixed length control field 00398nam a22001697a 4500
005 - DATE AND TIME OF LATEST TRANSACTION
control field 20211005152751.0
008 - FIXED-LENGTH DATA ELEMENTS--GENERAL INFORMATION
fixed length control field 160701b xxu||||| |||| 00| 0 eng d
020 ## - INTERNATIONAL STANDARD BOOK NUMBER
ISBN 978-81-7700-101-3
041 ## - LANGUAGE CODE
Language code of text/sound track or separate title eng
082 ## - DEWEY DECIMAL CLASSIFICATION NUMBER
Item number 20785
100 ## - MAIN ENTRY--AUTHOR NAME
Personal name Sawhney AK
245 ## - TITLE STATEMENT
Title Electrical Machine Design
260 ## - PUBLICATION, DISTRIBUTION, ETC. (IMPRINT)
Name of publisher Dhanpat
Year of publication 2014
300 ## - PHYSICAL DESCRIPTION
Number of Pages 23.34
650 ## - SUBJECT ADDED ENTRY--TOPICAL TERM
Topical Term Diploma Engineering
942 ## - ADDED ENTRY ELEMENTS (KOHA)
Koha item type Books
Holdings
Lost status Damaged status Collection code Home library Current library Shelving location Date acquired Cost, normal purchase price Accession Number Koha item type Full call number
    Reference JRU Library   SHELF -72- G 01/07/2016 575.00 20785 Books  
      JRU Library   SHELF-47-J 01/07/2016 575.00 20786 Books 20785